Datum a čas kvízu
26.5
Celkem bodů
Celkový počet nahraných bodů na tomto kvízu bez doplňovacích otázek.
6.
Pořadí na kvízu
Konečné umístění týmu na tomto kvízu.
Zaznamenané odpovědi
| # | Otázka | Odpověď | Body | Výsledky |
|---|---|---|---|---|
| 1. | Za zmanipulování televizní hry... | 1 | ||
| 2. | Sopka Sinabung s nadmořskou vý... | 0 | ||
| 3. | Vražda na předpis. Tak se jmen... | 0 | ||
| 4. | Z britských obrazovek musela z... | 1 | ||
| 5. | V utkání druhé německé fotbalo... | 1 | ||
| 6. | Jistě se mezi Vámi najde mnoho... | 0 | ||
| 7. | Čemu nebo komu se ve vodáckém... | 0 | ||
| 8. | Místo, kde říční voda viditeln... | 1 | ||
| 9. | Kterým slovem na Š nazývají ka... | 1 | ||
| 10. | Kanoistům se mezi vrcholovými... | 1 |